|
|
|
|
| LEADER |
00000nam a22000007a 4500 |
| 005 |
20171122152239.0 |
| 007 |
cr|||| |||| |
| 008 |
171122s2010 mx |||||s|||| 00||0 spa d |
| 020 |
|
|
|a 978-607-401-353-5
|
| 035 |
|
|
|a 20849
|
| 040 |
|
|
|a vLex
|
| 090 |
|
|
|c 7222
|d 7222
|
| 100 |
1 |
|
|a Jur̀ez Garca̕, Benito
|
| 245 |
1 |
0 |
|a Manifiesto justificativo de los castigos nacionales en Querťaro
|h [Recurso electrn̤ico] /
|c Benito Jur̀ez Garca̕
|
| 256 |
|
|
|a Servicio en ln̕ea
|
| 260 |
|
|
|a Ciudad de Mx̌ico:
|b Cm̀ara de Diputados,
|c 2010
|
| 300 |
|
|
|a 1 recurso electrn̤ico (105p.)
|
| 500 |
|
|
|a El fusilamiento de Maximiliano de Habsburgo por Isa ̕Hidekel Tejeda Vallejo.
|
| 506 |
1 |
|
|a Disponible solo en los productos indicados
|d vLex Global
|d vLex Global (Academic Edition, excluding Law Schools)
|d vLex Global (U.S. Academic Edition, Law Schools)
|d vLex Global (U.S. Academic Edition, excluding Law Schools)
|d vLex Global (Academic Edition, Law Schools)
|
| 650 |
0 |
4 |
|a Ciencias sociales
|z Mx̌ico
|
| 740 |
0 |
|
|a vLex Libros (Serivico en ln̕ea)
|
| 856 |
4 |
0 |
|u http://vlex.com/source/manifiesto-justificativo-castigos-nacionales-queretaro-20849
|z Acceso restringido
|
| 942 |
|
|
|c BOOK
|
| 999 |
0 |
|
|a Social sciences
|